[Event "DEN-chT 1314 52nd"]
[Site "Denmark"]
[Date "2014.01.12"]
[Round "5.1"]
[White "Hillarp Persson, Tiger"]
[Black "Hector, Jonny"]
[Result "1-0"]
[WhiteElo "2547"]
[BlackElo "2503"]
[Annotator "Schulz,Andre"]
[PlyCount "65"]
[EventDate "2013.11.02"]
[EventType "team-tourn"]
[EventRounds "9"]
[EventCountry "DEN"]
[SourceTitle "EXT 2015"]
[Source "ChessBase"]
[SourceDate "2014.11.20"]
[SourceVersion "1"]
[SourceVersionDate "2014.11.20"]
[SourceQuality "1"]
[WhiteTeam "Bronshoj"]
[BlackTeam "Nordkalotten"]
[WhiteTeamCountry "DEN"]
[BlackTeamCountry "DEN"]

1. Nf3 {Auftakt zu einer ruhigen positionellen Partie... ?} d5 2. c4 d4 (2...
c6 3. e3 Nf6 4. Nc3 e6 5. d4 Nbd7 6. Bd3 (6. Qc2 Bd6 7. g4 h6 8. Bd2 $11 {
1-0 (41) Hillarp Persson,T (2474)-Hector,J (2553) Umea 2003}) 6... dxc4 7. Bxc4
b5 8. Bd3 a6 9. e4 c5 10. e5 cxd4 11. Nxb5 Ng4 12. Qa4 Bb7 13. Nbxd4 Qb6 14.
O-O Bc5 15. h3 Bxf3 16. hxg4 Bd5 17. Nf3 Qb7 $14 {1/2-1/2 (40) Hillarp Persson,
T (2547)-Hector,J (2568) Vasteras 2011}) 3. b4 ({Die Alternative ist} 3. g3)
3... f6 ({Möglich ist auch} 3... g6 4. Bb2 Bg7 5. g3 (5. e3)) 4. e3 ({In
einer früheren Partie geschah:} 4. Na3 e5 5. Nc2 b5 6. cxb5 a6 7. e4 Be6 8.
Bb2 axb5 9. Bxb5+ c6 10. Bd3 c5 11. bxc5 Bxc5 12. Nxe5 fxe5 13. Qh5+ Kf8 14.
Qxe5 $16 {1-0 (64) Hillarp Persson,T (2528)-Hector,J (2509) Orebro 2013}) 4...
e5 5. c5 a5 6. Qa4+ ({Andere Züge:} 6. Bc4 dxe3 7. fxe3 axb4 8. d4 Nc6 9. O-O
Na5 10. Nxe5 Nxc4 11. Nxc4 Be6 12. Nbd2 Ne7 13. Bb2 Nd5 14. Qf3 b5 15. cxb6
Nxb6 16. Nxb6 cxb6 17. Qc6+ Bd7 18. Qd5 Be7 19. Nc4 b5 20. Ne5 Rf8 21. Nxd7 Ra7
22. Qh5+ g6 23. Qxh7 Qxd7 24. Qxg6+ Kd8 25. d5 Kc8 26. Rac1+ Kb8 27. d6 Qxd6
28. Rfd1 Qa6 29. Qg3+ Ka8 30. Qf3+ Qb7 31. Rc6 Rxa2 32. Rd7 Qxd7 33. Rc7+ {
1-0 (33) Kramnik,V (2772)-Aronian,L (2786) Moscow 2009}) (6. Nxe5 fxe5 7. Qh5+
Kd7 8. Qf5+ Ke8 9. Qh5+ Kd7 10. Qf5+ Ke7 11. Qxe5+ Be6 12. Bc4 Qd7 13. b5 c6
14. Na3 Nf6 15. Bb2 Kf7 16. Bxd4 cxb5 17. Bxe6+ Qxe6 18. Qxe6+ Kxe6 19. Nxb5
Na6 20. Bxf6 gxf6 21. d4 b6 22. cxb6 Rb8 23. Rc1 Rxb6 24. a4 $11 {1/2-1/2 (60)
Van Wely,L (2681)-Kramnik,V (2799) Nice 2008}) (6. Bb5+) 6... Qd7 (6... Bd7 7.
b5 Bxc5 8. Bc4 Ne7 9. exd4 exd4 10. Ba3 Na6 11. O-O Nb4 12. d3 c6 13. Nbd2 Qb6
14. bxc6 Qxc6 15. Qb3 b5 16. Bf7+ Kf8 17. Rac1 Qb6 18. Ne4 Rc8 19. Rfe1 Bd6 20.
Rxc8+ Bxc8 21. g3 Bg4 22. Nxd6 Qxd6 23. Nd2 Bd7 24. Ne4 Qc7 25. Bh5 g6 26. Nxf6
Bf5 27. Bxb4 axb4 28. Qxb4 Kf7 29. Bf3 Qd8 30. Ne4 Bxe4 31. Rxe4 Nf5 32. Qxb5
Qc7 33. Bg4 {1-0 (33) Bukavshin,I (2539)-Shukh,N (2421) Saratov 2013}) 7. Bb5
c6 8. Bc4 Na6 ({Sachlicher wäre} 8... dxe3 9. fxe3 Qg4 10. b5 Qxg2 11. Rf1 Bd7
$11 {gewesen.}) 9. exd4 e4 10. b5 Nb4 (10... cxb5 11. Bxb5 $18 {verbietet sich.
}) 11. a3 (11. bxc6 bxc6 12. a3 exf3 13. axb4 fxg2 (13... Qxd4 14. Qxc6+ $18 {
diese Möglichkeit hat Weiß in der Partie nicht.}) 14. Rg1 Ne7 15. b5 $14)
11... exf3 (11... Nd5 12. bxc6 bxc6 13. Nh4 $16) 12. axb4 Qxd4 {Mit der
hässlich aussehenden Drohung De4.} ({Angesichts der kommenden forcierten
Ereignisse scheint} 12... fxg2 {die bessere Wahl gewesen zu sein.} 13. Rg1 Ne7
14. bxa5 Nf5 15. Bb2 Nh4 16. Ra3 $14) 13. d3 Qe5+ 14. Be3 fxg2 15. Rg1 Qxh2 {
Für den Turm gibt es keine Rettung. Allerdings hat Schwarz ja noch nicht
soviele Figuren entwickelt.} 16. bxc6 {Nach dem drohenden cxb7 folgt in
wenigen Zügen Matt.} Qxg1+ ({Ein anderer Versuch war gleich} 16... b5 17. cxb6
Bxb4+ 18. Ke2 (18. Nc3 $5 Bxc3+ 19. Ke2 Ne7 20. b7 Rb8 21. Rxg2 Qh5+ (21...
Qxg2 $2 22. c7+ $18) 22. f3 Kf8 23. Rb1 ({Nicht bringt} 23. Rc1 Bb4 24. bxc8=Q+
Rxc8 $11 {ein.}) 23... Qe8 24. bxc8=Q Rxc8 25. Rb7 $18) 18... Qxg1 19. Nd2 Bg4+
20. f3 Qh2 21. Rg1 Bh3 22. b7 $18 {und auch hier bringen die beiden Freibauern
Zinsen.}) 17. Kd2 b5 (17... Kd8 18. Nc3 Qxa1 (18... Qh2 19. Nd5 g1=Q 20. Rxg1
Qxg1 21. c7#) 19. c7+ Kxc7 20. Qxa1 $18) 18. cxb6 Bxb4+ 19. Nc3 Qh2 20. b7 Rb8
21. c7+ {Was für ein schreckliches Freibauernpaar.} Kf8 22. cxb8=Q Qxb8 23.
bxc8=Q+ Qxc8 24. Rg1 h5 25. Rxg2 h4 26. Qb5 Ne7 27. Kc2 h3 28. Rh2 Qc7 (28...
Bd6 29. f4 $18) 29. Nd5 $1 Nxd5 (29... Qxh2 30. Nxe7 Kxe7 31. Qb7+ Kd6 32. Bb6
{und die Mattdrohung auf c7 ist kaum zu parieren.}) 30. Qxd5 g5 (30... Qxh2 31.
Qf7#) 31. Rxh3 Rxh3 32. Qg8+ Ke7 33. Qe6+ (33. Qe6+ Kf8 (33... Kd8 34. Bb6 $18)
34. Qxf6+ Ke8 35. Qg6+ Kd7 36. Qe6+ Kd8 37. Bb6 $18) 1-0

[Event "Stockholm-A"]
[Site "Stockholm"]
[Date "1995.??.??"]
[Round "10"]
[White "Degerman, Lars"]
[Black "Wedberg, Tom Birger"]
[Result "1-0"]
[WhiteElo "2485"]
[BlackElo "2455"]
[Annotator "Wedberg,T"]
[PlyCount "59"]
[EventDate "1995.08.??"]
[EventType "tourn"]
[EventRounds "11"]
[EventCountry "SWE"]
[EventCategory "8"]
[SourceTitle "CBM 049 Extra"]
[Source "ChessBase"]
[SourceDate "1996.01.01"]
[SourceVersion "1"]
[SourceVersionDate "1996.01.01"]
[SourceQuality "1"]

1. Nf3 d5 2. c4 d4 3. b4 g6 4. Bb2 Bg7 5. e3 (5. g3 e5 6. d3 Ne7 7. Bg2 O-O 8.
Qb3 a5 9. a3 Nec6 10. b5 a4 11. Qc2 Ne7 12. O-O Nd7 13. c5 Ra5 14. c6 bxc6 15.
bxc6 Nb6 16. Nbd2 $14 {Rogozhnikov,A-Karpeshov,O/Perm/1993}) 5... e5 6. exd4
exd4 7. Be2 (7. d3 Ne7 8. Be2 O-O 9. Nbd2 Na6 10. a3 c5 11. b5 Nc7 12. O-O Ne6
13. g3 Qc7 14. a4 Bd7 15. Re1 g5 $13 {Fancsy,I-Gabriel,C/Budapest/1994}) 7...
Ne7 8. O-O O-O 9. d3 a5 $1 (9... Na6 {Fancsy,I-Gabriel,C/Budapest/1994 ->7.d3})
10. b5 c5 11. bxc6 Nexc6 12. Na3 Na6 13. Nb5 Bf5 14. Ba3 Nab4 15. Bxb4 axb4 16.
Nd2 Re8 17. Nb3 Na7 18. a4 bxa3 19. Nxa3 Nc6 20. Bg4 (20. Nb5 Rxa1 21. Nxa1 Qe7
$36) 20... Bxd3 $5 21. Qxd3 Ne5 22. Qg3 Nxg4 23. Qxg4 d3 24. Ra2 Qb6 (24... Bc3
$5 25. Qd1 Bb4 26. Nc2 (26. Qc1 Re2 $17) 26... dxc2 27. Rxc2 Qxd1 28. Rxd1 Ra3
$15) (24... Re2 25. Rxe2 dxe2 26. Qxe2 Rxa3 27. Rd1 $10) 25. Qd1 Bc3 $2 (25...
Qb4 26. Qxd3 Rxa3 27. Rxa3 Qxa3 $10) (25... Re2 $10) 26. Qb1 $1 Re2 27. Nc1 $1
$18 Qxb1 $138 (27... Qxf2+ 28. Rxf2 Re1+ 29. Rf1 Bd4+ 30. Raf2 d2 31. Nb3 $18)
(27... Qe6) 28. Nxb1 Rexa2 29. Nxa2 Bd4 30. Nb4 1-0